00293nam a2200109Ia 4500008004100000050001500041100001800056245005500074260001700129300002400146650001300170150202s9999 xx 000 0 und d aFIC bFIC  aVerne, Jules. aJourney to the center of the earth /cJules Verne. aUSA :c1984. a231 pages :c18 cm. aFiction.